LEADER 01200nam a2200301 a 4500 001 000000121690 003 CaOOAMICUS 005 20100512114005.0 008 100512t2003 it u000 u ita r 020 $a88-420-1404-4 040 $aPUL$bita$dReb 082 04$a193 100 1 $aCesa, Claudio,$d1928-$0(OLS)http://pul/name/23651 245 10$aIntroduzione a Feuerbach /$cdi Claudio Cesa. 250 $a5. ed. 260 $aBari ; Roma :$bGius. Laterza & figli,$c©2003. 300 $a213 p. ;$c18 cm 490 1 $aI filosofi ;$v28 504 $aBibliografia: p. [203]-210 600 14$aFeuerbach, Ludwig Andreas,$d1804-1872$xFilosofia.$0(OLS)http://pul/subject/22886 830 2$aI filosofi (Laterza) ;$v28.$0(OLS)http://pul/title/7858 850 $aPUL 852 $aPUL$W1$xSL Filosofia 3$y81$m193 CESCL 1$j139678$qDDC 21$B138865$CPULBib$Z2$F138865 $H113557 $82 941 1 $a9 996 $6020$a88-420-1404-4$9(OLS)http://pul/number/144168 996 $6082$a193$9(OLS)http://pul/classification/412 996 $6245$aIntroduzione a Feuerbach$9(OLS)http://pul/title/153108 996 $6260$aBari ; Roma :$bGius. Laterza & figli$9(OLS)http://pul/publisher/81307 LEADER 01077naa a2200229 u 4500 001 000000096460 003 CaOOAMICUS 005 20070226130146.0 008 041013s1993 gw u000 u ita u 020 $a3777293210 035 $a11011446 040 $aIAR$bita 100 1 $aCapitani, Ovidio,$d1930-2012.$0(OLS)http://pul/name/1205 245 12$aL'allusione dantesca a Matteo d'Acquasparte /$cOvidio Capitani. 260 $aStuttart :$bHiersemann,$c1993. 300 $aS. 417-430 ;$c25 cm 773 0 $aHerrschaft, Kirche, Kultur : Beoträge zur Geschichte des Mittelalters - Festschrift für Friedrich Prinz zu seinem 65. Geburtstag. 773 0 $tMonographien zur Geschichte des Mittelalters$gBd. 37 773 0 $tHerrschaft, Kirche, Kultur : Beiträge zur Geschichte des Mittelalters : Festschrift für Friedrich Prinz zu seinem 65. Geburtstag$w()17106 996 $6020$a3777293210$9(OLS)http://pul/number/21996 996 $6245$aL'allusione dantesca a Matteo d'Acquasparte$9(OLS)http://pul/title/123336 996 $6260$aStuttart :$bHiersemann$9(OLS)http://pul/publisher/55243 LEADER 01126nam a2200265 u 4500 001 000000087917 003 CaOOAMICUS 005 20070226124446.0 008 051021s1966 it a u000 u ita u 035 $a11065166 040 $aPUL(R)$bita 041 1 $aita$heng 100 1 $aO'Brien, John A.$0(OLS)http://pul/name/57284 240 10$a100 common questions about Catholic Faith.$lItaliano.$0(OLS)http://pul/title/113691 245 10$a100 interrogativi sulla religione cattolica /$cJ.A. O'Brien. 260 $aModena :$bEdizioni Paoline,$cc1966. 300 $a343 p. :$bill. ;$c21 cm 490 1 $aVita quotidiana vita cristiana ;$v3 650 4$aCattolicesimo.$0(OLS)http://pul/subject/3132 830 0$aVita quotidiana vita cristiana ;$v3.$0(OLS)http://pul/title/77142 850 $aPUL 852 $aPUL$W1$xDP1 Fondo Pastorale$y55$mP4 B 45$j111422$nBK-PRI$b $qFondi$B111422$CPULBib$Z2$F111422 $H $81 941 1 $a1 996 $6245$a100 interrogativi sulla religione cattolica$9(OLS)http://pul/title/113692 996 $6260$aModena :$bEdizioni Paoline$9(OLS)http://pul/publisher/50693